000 00288nam a2200121Ia 4500
008 191201s2010 xx 000 0 und d
100 _aHUSAIN, Ashfaq
245 0 _aElectric Machines
260 _aN. delhi
_bDhanpat Rai
_c2010
300 _amisc
650 _aB.Tech(ECE)
942 _2ddc
_cBK
999 _c6352
_d6352